Taylor Swift - Devine les chansons par le refrain #2 - Statistiques

Statistiques générales
  • Ce quiz a été pris 474 fois
  • Le résultat moyen est 11 sur 15
Statistiques - réponses
Hint Réponse % Correct
'Cause the players gonna play, play, play, play, playAnd the haters gonna hate, hate, hate, hate, hate Baby, I'm just gonna shake, shake, shake, shake, shake ***, *** Heartbreakers gonna break, break, break, break, break And the fakers gonna fake, fake, fake, fake, fake Baby, I'm just gonna shake, shake, shake, shake, shake ***, *** Shake It Off
99%
Romeo, take me somewhere we can be aloneI'll be waiting, all there's left to do is run You'll be the prince and I'll be the princess It's a ***, baby, just say, "Yes" Love Story
95%
Best believe I'm still ***When I walk in the room I can still make the whole place shimmer And when I meet the band They ask, "Do you have a man?" I could still say, "I don't remember" Familiarity breeds contempt Don't put mе in the basement Whеn I want the penthouse of your heart Diamonds in my eyes I polish up real, I polish up real nice Bejeweled
91%
You were drivin’ the ***We were flyin', but we'd never get far Don't pretend it's such a mystery Think about the place where you first met me Ridin' in a *** There were sirens in the beat of your heart Shoulda known I'd be the first to leave Think about the place where you first met me Getaway Car
89%
Now I'm runnin' with my dress unbuttonedScrеamin', "***" I'm havin' his baby No, I'm not, but you should see your faces I'm tellin' him to floor it through thе fences No, I'm not coming to my senses I know he's crazy, but he's the one I want But Daddy I Love Him
88%
I’m so sick of running as fast as I canWonderin' if I'd get there quicker if I was a *** And I'm so sick of them comin' at me again 'Cause if I was ***, then I'd be *** I'd be *** (***) I’d be *** (***) The Man
88%
*** *** You go talk to your friends, talk to my friends, talk to me But *** Like, ever We Are Never Ever Getting Back Together
86%
But I miss screamin' and fightin' and kissin' in the rainAnd it's 2 AM and I'm cursin' your name So in love that you act insane And that's *** Breakin' down and comin' undone It's a, a rollercoaster kind of rush And I never knew I could feel that much And that's *** The Way I Loved You
79%
*** is a slamming screen doorSneakin' out late, tapping on your window When we're on the phone and you talk real slow 'Cause it's late and your mama don't know *** is the way you laugh The first date, "Man, I didn't kiss her and I should have" And when I got home, 'fore I said, "Amen" Askin' God if he could play it again Our Song
77%
What died didn't stay deadWhat died didn't stay dead You're alive, you're alive in my head What died didn't stay dead What died didn't stay dead You're alive, so alive Marjorie
71%
Hush, when no one is around, my dearYou'll find me on my tallest tiptoes Spinning in my highest heels, love Shining just for you Hush, I know they said the end is near But I'm still on my tallest tiptoes Spinning in my highest heels, love Shining just for you mirrorball
64%
***, I see it all now that you're goneDon't you think I was too young to be messed with? The girl in the dress cried the whole way home I should've known Dear John
50%
Started with a kiss"Oh, we must stop meeting like this" But it always ends up with a town car speeding Out the drive one evening Ended with the slam of a door Then he'll call her a whore Wish he wouldn't be sore But as she was leaving It felt like breathing The Bolter
46%
’Cause *** waitin' down the hall from meAnd *** up against the wall with me And what would you do? Baby, if you only knew That *** I Can See You
36%
But ***, ******, *** Can run Can run So run, and run, and run Only The Young
33%
Aucun quiz correspondant
Distribution des résultats
% des personnes avec chaque résultat
Percentile par nombre de réponses
Votre historique - résultats
Vous n’avez pas pris ce quiz